| 000 | 00557nam a22002057a 4500 | ||
|---|---|---|---|
| 003 | URS | ||
| 005 | 20230616092821.0 | ||
| 008 | 190416s ph a | ||
| 020 | _a9714204313 | ||
| 040 |
_cURS _beng _drda |
||
| 050 | 1 | 4 |
_aBC 71 _b.M4951 2004 |
| 100 | _aMeer, Thelma Q. | ||
| 245 | 1 | 0 |
_aBasics of logic _cThelma Q. Meer, Lou S. Hualda, Lamberto M, Bamba Jr. |
| 260 |
_aBulacan: _bTrinitas Publishing, _c[2004] |
||
| 300 |
_a163 pages _bwith illustrations _c25 cm |
||
| 650 | _aLogic | ||
| 700 | _aHualda, Lou S. | ||
| 700 | _aBamba, Lamberto | ||
| 942 |
_cF _2lcc |
||
| 999 |
_c1723 _d1723 |
||